die 25 Bundesstaaten des deutschen Reiches - Statistiken

Allgemein
  • Dieses Quiz wurde 27 mal gespielt
  • Das Durchschnittsergebnis liegt bei 10 aus 25
Antwortstatistiken
Hauptstadt Bundesstaat % Korrekt
München Königreich Bayern
92%
Berlin Königreich Preußen
88%
Stuttgart Königreich Württemberg
88%
Dresden Königreich Sachsen
85%
Karlsruhe Großherzogtum Baden
54%
Darmstadt Großherzogtum Hessen
46%
Bremen Freie Hansestadt Bremen
42%
Hamburg Freie und Hansestadt Hamburg
42%
Oldenburg Großherzogtum Oldenburg
42%
Lübeck Freie und Hansestadt Lübeck
38%
Schwerin Großherzogtum Mecklenburg-Schwerin
35%
Neustrelitz Großherzogtum Mecklenburg-Strelitz
35%
Braunschweig Herzogtum Braunschweig
35%
Altenburg Herzogtum Sachsen-Altenburg
31%
Weimar Großherzogtum Sachsen-Weimar-Eisenach
27%
Dessau Herzogtum Anhalt
27%
Coburg/Gotha Herzogtum Sachsen-Coburg und Gotha
27%
Meiningen Herzogtum Sachsen-Meiningen
27%
Straßburg Reichsland Elsaß-Lothringen
27%
Detmold Fürstentum Lippe
19%
Greiz Fürstentum Reuß älterer Linie
19%
Rudolstadt Fürstentum Schwarzburg-Rudolstadt
19%
Bückeburg Fürstentum Schaumburg-Lippe
15%
Sondershausen Fürstentum Schwarzburg-Sondershausen
15%
Gera Fürstentum Reuß jüngere Linie
12%
Keine übereinstimmenden Quizze gefunden
Verteilung der Resultate
Anzahl Personen mit jedem Resultat
Perzentil nach korrekt beantworteten Fragen
Ihre Resultats-Entwicklung
Sie haben dieses Quiz noch nicht gespielt